Normal view
MARC view
- An intoduction to Health Psychology
Entry Topical Term
001 - CONTROL NUMBER
- control field: 1452
003 - CONTROL NUMBER IDENTIFIER
- control field: JO-AjAnu
005 - DATE AND TIME OF LATEST TRANSACTION
- control field: 20230606070536.0
008 - FIXED-LENGTH DATA ELEMENTS
- fixed length control field: 230606|| aca||aabn | a|a d
040 ## - CATALOGING SOURCE
- Original cataloging agency: JO-AjAnu
- Transcribing agency: JO-AjAnu
150 ## - HEADING--TOPICAL TERM
- Topical term or geographic name entry element: An intoduction to Health Psychology
670 ## - SOURCE DATA FOUND
- Source citation: Work cat.: (JO-AjAnu)765: Bennett,Paul/Marrison,Val, author 1451, An intoduction to Health Psychology